Vzperná odolnosť kovových prútov a prútových konštrukcií. Aplikácie nových metód z eurokódov : Dizertačná práca
Salvato in:
| Autore principale: | |
|---|---|
| Altri autori: | |
| Natura: | Manoscritto Libro |
| Lingua: | slovacco |
| Pubblicazione: |
Bratislava :
STU v Bratislave SvF,
2010
|
| Soggetti: | |
| Accesso online: | VAIS |
| Tags: |
Nessun Tag, puoi essere il primo ad aggiungerne!!
|
MARC
| LEADER | 00000ntm a22000003a 4500 | ||
|---|---|---|---|
| 001 | stu231956 | ||
| 005 | 20150617230135.8 | ||
| 008 | 110721s2010----xo------------------slo-d | ||
| 040 | |a STU |b slo | ||
| 041 | 0 | |a slo | |
| 044 | |a xo | ||
| 100 | 1 | |a Kováč, Michal, |d 1982- |4 aut |u V190 |U SvF Stavebná fakulta |T SvF Katedra kovových a drevených konštrukcií |X 23056 |U V190 |Y 21 |7 A000023056 | |
| 242 | 0 | 0 | |a Buckling resistance of steel members and frames. Applications of new methods from Eurocodes |y eng |
| 245 | 1 | |a Vzperná odolnosť kovových prútov a prútových konštrukcií. Aplikácie nových metód z eurokódov : |b Dizertačná práca | |
| 260 | |a Bratislava : |b STU v Bratislave SvF, |c 2010 | ||
| 300 | |a 113 s | ||
| 650 | 7 | |a critical force |2 estusub | |
| 650 | 7 | |a kritická sila |2 stusub | |
| 700 | 1 | |a Baláž, Ivan, |d 1948- |4 ths |u V190 |U SvF Stavebná fakulta |T SvF Katedra kovových a drevených konštrukcií |X 1009 |U V190 |Y 21 |7 A000001009 | |
| 856 | 4 | |a info a plný text |u http://is.stuba.sk/zp/portal_zp.pl?podrobnosti=73602 |3 VAIS | |
| 996 | |b 284V036590 |c V*3020/DP-1000 |l VVS |s P |a 0 |w stu231956_0001 | ||